000 00863nam a22002297a 4500
001 5435
003 FISKH
005 20241206150734.0
008 241206b cb ||||| |||| 00| 0 eng d
020 _a9787552547443
040 _aFISKH
_bChi
_cFISKH
_dFISKH
050 _aPZ7
082 _a740
100 _aAnonymous
245 _aI am happy when I share /
260 _bYang Guang Chuban She
_c2019.
300 _a31 pages :
_bcolor illustrations ;
_c23 cm
520 _aGaogao the giraffe comes out to see the rainbow took out home and said it belongs to him. While his friends also want to see but they can't . While playing with the rainbow alone at home, he miss his friends. Therefore, he decided to give his friends a present with rainbow. They love it and thank Gaogao.
650 _aFairy Tale
_vAnimals
942 _2ddc
_cBOOK
_n0
999 _c5435
_d5435